Universities, information technology and academic libraries : the next twenty years

Αποθηκεύτηκε σε:
Λεπτομέρειες βιβλιογραφικής εγγραφής
Συγγραφή απο Οργανισμό/Αρχή: Academic Libraries Frontiers Conference UCLA
Άλλοι συγγραφείς: Hayes, Robert Mayo, 1926- (Επιμελητής έκδοσης)
Μορφή: Πρακτικό Συνεδρίου Βιβλίο
Γλώσσα:English
Δημοσίευση: Norwood : Ablex, 1986.
Σειρά:Libraries and information science series
Θέματα:
Ετικέτες: Προσθήκη ετικέτας
Δεν υπάρχουν, Καταχωρήστε ετικέτα πρώτοι!

MARC

LEADER 00000cam a2200000 i 4500
001 1/89363
008 990913s1986 nju| ||| |||| ||eng||
020 |a 0893912662 
035 |l 10052772 
040 |a GR-MyUa  |b gre  |e AACR2 
041 0 |a eng 
082 7 |a 027.70973   |2 (22) 
111 2 |a Academic Libraries Frontiers Conference   |d (1981 :   |c UCLA) 
245 1 0 |a Universities, information technology and academic libraries :   |b the next twenty years /   |c editor Robert M. Hayes. 
260 |a Norwood :   |b Ablex,   |c 1986. 
300 |a 178 σ. ;   |c 24 εκ. 
490 1 |a (Libraries and information science series) 
500 |a Academic Libraries Frontiers Conference UCLA, Lake Arrowhead Conference Center 13-17 December 1981. 
500 |a Περιλαμβάνει ευρετήριο. 
650 0 |a Academic libraries  |z United States  |x Congresses. 
650 0 |a Library science  |x Technological innovations  |z United States  |x Congresses. 
700 1 |a Hayes, Robert Mayo,   |d 1926-  |e edt 
830 0 |a Libraries and information science series 
852 |a INST  |b LESVOS  |e 19990913  |h 027.70973 ACA  |p 005100021747  |q 005100021747  |t BK  |y 0 
901 |a BIBL1-2000-1 
922 |a 1ΕΛΗ  |b 199906  |c ΚΠΣ/ΚΕΝΤΡΙΚΗ ΥΠΗΡΕΣΙΑ ΒΙΒΛΙΟΘΗΚΗΣ  |d LEADER 
950 |a 023-1998-09-14 
970 |a ΚΑΜΑΤΣΟΥ  |b ΔΕΣΠΟΙΝΑ  |z 2000/02/24